| 000 | 00626nam a2200217Ia 4500 | ||
|---|---|---|---|
| 005 | 20220114115125.0 | ||
| 008 | 131103s9999 xx 000 0 und d | ||
| 020 |
_a8170369754 _cRs. 295 |
||
| 040 | _aLoreto College | ||
| 041 | _aEnglish | ||
| 082 |
_a320.954 _bCHA |
||
| 100 | _aChadda, Maya | ||
| 245 |
_aBuilding democracy in South Asia _b India, Nepal, Pakistan _cMaya Chadda |
||
| 260 |
_aNew Delhi _bVistaar Publications _c2000 |
||
| 300 | _axv,246p, 24 cm. | ||
| 504 | _aIncludes bibliographical references and index | ||
| 650 | _aPolitics | ||
| 651 | _aPolitics, South Asia | ||
| 850 | _aLCLIB | ||
| 942 | _cBK | ||
| 999 |
_c2355 _d52834 |
||